<?xml version="1.0" encoding="UTF-8"?>
<collection xmlns="http://www.loc.gov/MARC21/slim">
 <record>
  <leader>00952pamaa2200229   4500</leader>
  <controlfield tag="001">0000047236</controlfield>
  <controlfield tag="005">20130626090000.0</controlfield>
  <controlfield tag="008">120913s2008                             eng  </controlfield>
  <datafield tag="020" ind1="0" ind2="0">
   <subfield code="a">9783833151507 (CD-ROM) </subfield>
  </datafield>
  <datafield tag="090" ind1="0" ind2="0">
   <subfield code="a">TR15 </subfield>
   <subfield code="b">HIS 2008</subfield>
  </datafield>
  <datafield tag="245" ind1="1" ind2="0">
   <subfield code="a">History of the world in photographs [</subfield>
   <subfield code="m">CD-ROM] : </subfield>
   <subfield code="b">20,000 photos  </subfield>
   <subfield code="c">presented by Getty Images.</subfield>
  </datafield>
  <datafield tag="260" ind1="0" ind2="0">
   <subfield code="a">London: </subfield>
   <subfield code="b">Black Dog &amp; Leventhal, </subfield>
   <subfield code="c">2008.</subfield>
  </datafield>
  <datafield tag="300" ind1=" " ind2=" ">
   <subfield code="a">1 CD-ROM; </subfield>
   <subfield code="c">4.5 inch.</subfield>
  </datafield>
  <datafield tag="500" ind1="0" ind2="0">
   <subfield code="a">To accompany textbook titled &quot;History of the world in photographs&quot;</subfield>
  </datafield>
  <datafield tag="501" ind1="0" ind2="0">
   <subfield code="a">Library</subfield>
  </datafield>
  <datafield tag="650" ind1="0" ind2="0">
   <subfield code="a">History, Modern -- </subfield>
   <subfield code="x">Chronology -- </subfield>
   <subfield code="x">Pictorial works -- </subfield>
   <subfield code="y">20th century </subfield>
  </datafield>
  <datafield tag="650" ind1="0" ind2="0">
   <subfield code="a">History, Modern -- </subfield>
   <subfield code="x">Chronology -- </subfield>
   <subfield code="x">Pictorial works -- </subfield>
   <subfield code="y">19th century </subfield>
  </datafield>
  <datafield tag="650" ind1="0" ind2="0">
   <subfield code="a">History, Modern -- </subfield>
   <subfield code="x">Chronology -- </subfield>
   <subfield code="x">Pictorial works -- </subfield>
   <subfield code="y">21st century </subfield>
  </datafield>
  <datafield tag="650" ind1="0" ind2="0">
   <subfield code="a">Photographs -- </subfield>
   <subfield code="x">History </subfield>
  </datafield>
  <datafield tag="710" ind1="1" ind2="1">
   <subfield code="a">Getty Images, Inc </subfield>
  </datafield>
  <datafield tag="810" ind1="1" ind2="0">
   <subfield code="a">Encyclopaedia Britannica, inc.</subfield>
  </datafield>
  <datafield tag="901" ind1=" " ind2=" ">
   <subfield code="u">www.ullmann-publishing.com</subfield>
  </datafield>
 </record>
</collection>
